<?xml version="1.0" encoding="UTF-8"?>
<record
    xmlns:xsi="http://www.w3.org/2001/XMLSchema-instance"
    xsi:schemaLocation="http://www.loc.gov/MARC21/slim http://www.loc.gov/standards/marcxml/schema/MARC21slim.xsd"
    xmlns="http://www.loc.gov/MARC21/slim">

  <leader>00341nam a22001457a 4500</leader>
  <controlfield tag="003">SGT</controlfield>
  <datafield tag="020" ind1=" " ind2=" ">
    <subfield code="a">978-81-224-3623-5</subfield>
  </datafield>
  <datafield tag="082" ind1=" " ind2=" ">
    <subfield code="a">310.72, R14K</subfield>
  </datafield>
  <datafield tag="100" ind1=" " ind2=" ">
    <subfield code="a">KOTHARI, C. R. </subfield>
  </datafield>
  <datafield tag="245" ind1=" " ind2=" ">
    <subfield code="a">RESEARCH METHODOLOGY </subfield>
  </datafield>
  <datafield tag="260" ind1=" " ind2=" ">
    <subfield code="a">DELHI</subfield>
    <subfield code="b">NEW AGE INTERNATIONAL </subfield>
    <subfield code="c">2014</subfield>
  </datafield>
  <datafield tag="300" ind1=" " ind2=" ">
    <subfield code="a">499</subfield>
  </datafield>
  <datafield tag="650" ind1=" " ind2=" ">
    <subfield code="a">RESEARCH METHODOLOGY </subfield>
  </datafield>
  <datafield tag="942" ind1=" " ind2=" ">
    <subfield code="2">ddc</subfield>
    <subfield code="c">BK</subfield>
    <subfield code="0">127</subfield>
  </datafield>
  <datafield tag="952" ind1=" " ind2=" ">
    <subfield code="0">0</subfield>
    <subfield code="1">0</subfield>
    <subfield code="2">ddc</subfield>
    <subfield code="4">0</subfield>
    <subfield code="7">0</subfield>
    <subfield code="8">MEDICAL</subfield>
    <subfield code="a">FM</subfield>
    <subfield code="b">FM</subfield>
    <subfield code="c">TXT</subfield>
    <subfield code="d">2016-06-23</subfield>
    <subfield code="e">AHUJA BOOKS COMPANY </subfield>
    <subfield code="g">275.00</subfield>
    <subfield code="i">SGTU</subfield>
    <subfield code="l">81</subfield>
    <subfield code="o">310.72, R14K</subfield>
    <subfield code="p">FM7582</subfield>
    <subfield code="r">2026-02-12 00:00:00</subfield>
    <subfield code="s">2026-01-27</subfield>
    <subfield code="w">2015-08-14</subfield>
    <subfield code="y">BK</subfield>
    <subfield code="k">5978</subfield>
  </datafield>
  <datafield tag="952" ind1=" " ind2=" ">
    <subfield code="0">0</subfield>
    <subfield code="1">2</subfield>
    <subfield code="2">ddc</subfield>
    <subfield code="4">0</subfield>
    <subfield code="7">0</subfield>
    <subfield code="8">MEDICAL</subfield>
    <subfield code="a">FM</subfield>
    <subfield code="b">FM</subfield>
    <subfield code="c">TXT</subfield>
    <subfield code="d">2016-06-23</subfield>
    <subfield code="e">AHUJA BOOKS COMPANY </subfield>
    <subfield code="g">275.00</subfield>
    <subfield code="i">SGTU</subfield>
    <subfield code="l">19</subfield>
    <subfield code="o">310.72, R14K</subfield>
    <subfield code="p">FM7583</subfield>
    <subfield code="q">2018-10-31</subfield>
    <subfield code="r">2022-06-10 00:00:00</subfield>
    <subfield code="s">2022-06-10</subfield>
    <subfield code="w">2015-08-14</subfield>
    <subfield code="y">BK</subfield>
    <subfield code="k">5978</subfield>
  </datafield>
  <datafield tag="952" ind1=" " ind2=" ">
    <subfield code="0">0</subfield>
    <subfield code="1">2</subfield>
    <subfield code="2">ddc</subfield>
    <subfield code="4">0</subfield>
    <subfield code="7">0</subfield>
    <subfield code="8">MEDICAL</subfield>
    <subfield code="a">FM</subfield>
    <subfield code="b">FM</subfield>
    <subfield code="c">TXT</subfield>
    <subfield code="d">2016-06-23</subfield>
    <subfield code="e">AHUJA BOOKS COMPANY </subfield>
    <subfield code="g">275.00</subfield>
    <subfield code="i">SGTU</subfield>
    <subfield code="l">32</subfield>
    <subfield code="o">310.72, R14K</subfield>
    <subfield code="p">FM7584</subfield>
    <subfield code="q">2023-08-26</subfield>
    <subfield code="r">2023-08-12 00:00:00</subfield>
    <subfield code="s">2023-08-12</subfield>
    <subfield code="w">2015-08-14</subfield>
    <subfield code="y">BK</subfield>
    <subfield code="k">5978</subfield>
  </datafield>
  <datafield tag="952" ind1=" " ind2=" ">
    <subfield code="0">0</subfield>
    <subfield code="1">0</subfield>
    <subfield code="2">ddc</subfield>
    <subfield code="4">0</subfield>
    <subfield code="7">0</subfield>
    <subfield code="8">MEDICAL</subfield>
    <subfield code="a">FM</subfield>
    <subfield code="b">FM</subfield>
    <subfield code="c">TXT</subfield>
    <subfield code="d">2016-06-23</subfield>
    <subfield code="e">AHUJA BOOKS COMPANY </subfield>
    <subfield code="g">275.00</subfield>
    <subfield code="i">SGTU</subfield>
    <subfield code="l">60</subfield>
    <subfield code="o">310.72, R14K</subfield>
    <subfield code="p">FM7585</subfield>
    <subfield code="r">2026-04-20 00:00:00</subfield>
    <subfield code="s">2026-04-20</subfield>
    <subfield code="w">2015-08-14</subfield>
    <subfield code="y">BK</subfield>
    <subfield code="k">5978</subfield>
  </datafield>
  <datafield tag="952" ind1=" " ind2=" ">
    <subfield code="0">0</subfield>
    <subfield code="1">0</subfield>
    <subfield code="2">ddc</subfield>
    <subfield code="4">0</subfield>
    <subfield code="7">0</subfield>
    <subfield code="8">MEDICAL</subfield>
    <subfield code="a">FM</subfield>
    <subfield code="b">FM</subfield>
    <subfield code="c">TXT</subfield>
    <subfield code="d">2016-06-23</subfield>
    <subfield code="e">AHUJA BOOKS COMPANY </subfield>
    <subfield code="g">275.00</subfield>
    <subfield code="i">SGTU</subfield>
    <subfield code="l">89</subfield>
    <subfield code="m">1</subfield>
    <subfield code="o">310.72, R14K</subfield>
    <subfield code="p">FM7586</subfield>
    <subfield code="r">2026-01-19 00:00:00</subfield>
    <subfield code="s">2026-01-08</subfield>
    <subfield code="w">2015-08-14</subfield>
    <subfield code="y">BK</subfield>
    <subfield code="k">5978</subfield>
  </datafield>
  <datafield tag="999" ind1=" " ind2=" ">
    <subfield code="c">9196</subfield>
    <subfield code="d">9196</subfield>
  </datafield>
</record>
